| 000 | 01058nam a22003377a 4500 | ||
|---|---|---|---|
| 001 | BR2015004152 | ||
| 003 | BR-BrBNA | ||
| 005 | 20230928104710.0 | ||
| 007 | ta | ||
| 008 | 230509b bl.||||| |||| 00| 0 por d | ||
| 040 |
_aBR-BrBNA _bpor _cBiblioteca Nacional de Agricultura |
||
| 041 | _a(Por) | ||
| 072 |
_aF30; F60 _b2120 _b3568 |
||
| 090 | _ 2120 BR2015004152 | ||
| 100 | 1 | _aCosta, T.S. | |
| 110 | 1 |
_aUniversidade Federal de Lavras, MG (Brasil) _0Tese (Doutorado) |
|
| 245 | 1 | _aAnálise do perfil transcriptônico e proteômico de raízes de diferentes clones de Coffea canephora em condições de déficit hídrico | |
| 260 | 3 |
_aLavras, MG (Brasil): _c2014. |
|
| 300 | _a235 p. | ||
| 500 | _aSummaries (Eng, Por); Several bibliography; 86 illus.; 10 tables | ||
| 650 | _aCAFÉ | ||
| 650 | _aCOFFEA CANEPHORA | ||
| 650 | _aCLONE | ||
| 650 | _aRAÍZ | ||
| 650 | _aDEFICIÊNCIA HÍDRICA | ||
| 650 | _aRESISTÊNCIA A SECA | ||
| 650 | _aESPECTROMETRIA | ||
| 650 | _aCROMOSSOMA | ||
| 909 |
_a202309 _bLucia _c55 _dLucia Elande |
||
| 942 | _cBK | ||
| 999 |
_c81275 _d81275 |
||